000 01655nam a2200469 i 4500
001 32371
003 KOSZ 005
005 20200525114241.0
008 980713s1997 pl a f f |001 0 pol
015 _aPB 1997/14028
020 _a8320421799
040 _aWA N
_cWA N
_dKOSZ 005/HR
080 _a621.01
080 _a539.3/.6
080 _a(083)
080 _a(075.8)
100 1 _aNiezgodziński, Michał Edward
_d(1919-2010)
_eAutor
245 1 0 _aWzory, wykresy i tablice wytrzymałościowe /
_cMichał Edward Niezgodziński, Tadeusz Niezgodziński.
250 _aWyd. 7.
260 _aWarszawa :
_bWydawnictwa Naukowo-Techniczne,
_c1997.
300 _a299, [1] s. :
_brys., wykr. ;
_c24 cm.
336 _2rdacontent
_aTekst
_btxt
337 _2rdamedia
_aBez urządzenia pośredniczącego
_bn
338 _2rdacarrier
_aWolumin
_bnc
380 _aKsiążki
380 _aPublikacje dydaktyczne
385 _mPoziom nauczania
_aSzkoły wyższe
388 _a1901-2000
388 _a1989-2000
504 _aBibliogr. s. 296-297. - Indeks.
521 _aDla studentów wydz. mechanicznych wyższych uczelni tech., inż.
650 4 _aKonstrukcje
650 4 _aMechanika stosowana
650 4 _aWytrzymałość materiałów
655 4 _aPodręczniki akademickie
655 4 _aTablice i wzory
658 _aInżynieria i technika
700 1 _aNiezgodziński, Tadeusz
_d(1945- )
_eAutor
710 2 _aWydawnictwa Naukowo-Techniczne
_4pbl.
856 _uhttp://koha.tu.koszalin.pl/cgi-bin/koha/opac-detail.pl?biblionumber=32371
_yKatalog online BPK
942 _2UKD
_cKS
999 _c32371
_d32371